00673cam a22002171 4500001001300000003000400013005001700017008004100034010001700075035002000092040001700112042001200129050001700141100003100158245006300189260003600252300004900288651005200337651004900389999001700438sa 66000045 DLC20260227112212.0840427s1951 ii ab s000 0 eng  asa 66000045  a(OCoLC)21638663 aDLCcCUdDLC apremarc00aHC437.H9bI91 aIyengar, S. Kesava,d1894-10aRural economic enquiries in the Hyderabad State, 1949-51,  aHyderabad,bGovt. Press,c1951. axx, 658 p.billus., fold. col. maps.c25 cm. 0aHyderabad (India : State)xEconomic conditions. 0aHyderabad (India : State)xRural conditions. c67001d67001